000 01006nam a22002657i 4500
999 _c23630
_d23630
003 AR-CdUCM
008 260423b20242024 pe||||| |||| 00| 0 spa d
020 _a978-612-5037-20-6
040 _aMUNICIPALIDAD PROVINCIAL DEL CUSCO
_cBIBLIOTECA MUNICIPAL DEL CUSCO
041 _hspa
082 _a985
_bL91
100 _aLumbreras, Luis G.
_952672
245 _aEl Imperio Wari :
_bDel origen, expansión y legado del imperio milenario que hizo posible el surgimiento de los incas /
260 _aLima-Perú:
_bEditorial Planeta Perú S. A.
_c2024
300 _a286 páginas. :
_c23x15 cm.
500 _zPaginas: 265-286
505 _aUn país llamado Tawantinsuyo -- El medioambiente -- Huarpa los orígenes de Wari -- El origen de los suyos -- Los Chancas, caida del imperio Wari
650 _aWari
_951336
650 _aTawantinsuyo
_930420
650 _aHuarpa
_952673
650 _aLos Chancas
_952674
856 _fwww.planetadelibros.com.pe
942 _2ddc
_cLIBROS
945 _apbjr
_d23-04-2026